000 00386cam a2200145ua 4500
041 _aeng
_h
082 _a828.09
_bGOO/UT
100 _aGoodheart, Eugene .
245 _aUtopian vision of D H Lawrence /
_cEugene Goodheart.
_hTextual Documents
260 _aChicago :
_bUniversity of Chicago Press ,
_c1963.
300 _a190 ; .
504 _a
942 _cBK
999 _c12557
_d12557